MARTIAL ARTS (Record no. 707654)

MARC details
000 -LEADER
fixed length control field 00258nam a2200109Ia 4500
008 - FIXED-LENGTH DATA ELEMENTS--GENERAL INFORMATION
fixed length control field 220713s9999 xx 000 0 und d
020 ## - INTERNATIONAL STANDARD BOOK NUMBER
International Standard Book Number <a href="075 3459299">075 3459299</a>
082 ## - DEWEY DECIMAL CLASSIFICATION NUMBER
Classification number JNF 796.81 ROB
942 ## - ADDED ENTRY ELEMENTS
Creator ID 561
Creator Name John Tresidder
Modifier ID 561
Modifier Name John Tresidder
100 ## - MAIN ENTRY--PERSONAL NAME
Personal name LAUREN ROBERTSON
245 #0 - TITLE STATEMENT
Title MARTIAL ARTS
942 ## - ADDED ENTRY ELEMENTS
item type Books
Holdings
Withdrawn status Lost status Damaged status Not for loan Home library Current library Date acquired Cost, normal purchase price Total Checkouts Barcode Date last seen Price effective from item type Public note
        Gerard Sekoto PL(MMID-PLST-GERA) Gerard Sekoto PL(MMID-PLST-GERA) 13.07.2022 22.50   33089000067003 13.07.2022 13.07.2022 Books 772/05